[Event "Asia-ch U20"]
[Site "Waskaduwa"]
[Date "2025.07.03"]
[Round "9"]
[White "Kodithuwakku, KK Dinujaya"]
[Black "Budhidharma, Nayaka"]
[Result "0-1"]
[WhiteElo "2115"]
[BlackElo "2369"]
[PlyCount "58"]
[EventDate "2025.06.27"]
[EventType "swiss"]
[EventRounds "9"]
[EventCountry "SRI"]
[SourceTitle "CB28_2025"]
[SourceDate "2025.07.09"]
[SourceVersion "1"]
[SourceVersionDate "2025.07.09"]
[SourceQuality "1"]

1. e4 e5 2. Nf3 Nc6 3. Bc4 Nf6 4. d3 Bc5 5. c3 d6 6. Bg5 h6 7. Bh4 a5 8. Nbd2 Ba7 9. a3 g5 10. Bg3 0-0 11. 0-0 Nh7 12. b4 h5 13. h4 g4 14. Ne1 Kh8 15. Nc2 Ne7 16. Ne3 Ng6 17. Qe1 Nxh4 18. f4 Ng6 19. f5 Qg5 20. Bf2 g3 21. fxg6 gxf2+ 22. Kxf2 fxg6+ 23. Nf3 Bg4 24. Qd2 h4 25. Ke2 h3 26. Nxg4 Qxg4 27. gxh3 Qg2+ 28. Ke1 Qg3+ 29. Ke2 Rxf3 0-1

[Event "Western Asia-ch U20"]
[Site "Waskaduwa"]
[Date "2025.06.10"]
[Round "9"]
[White "Kodithuwakku, KK Dinujaya"]
[Black "Wijerathna, Vinuka Dihain"]
[Result "1-0"]
[WhiteElo "2115"]
[BlackElo "2049"]
[PlyCount "77"]
[EventDate "2025.06.05"]
[EventType "swiss"]
[EventRounds "9"]
[EventCountry "SRI"]
[SourceTitle "CB27_2025"]
[SourceDate "2025.07.02"]
[SourceVersion "1"]
[SourceVersionDate "2025.07.02"]
[SourceQuality "1"]

1. e4 e5 2. Nf3 Nc6 3. Bc4 Bc5 4. c3 Nf6 5. d3 d6 6. Bg5 h6 7. Bh4 g5 8. Bg3 Qe7 9. Nbd2 a6 10. a4 Ba7 11. 0-0 Nh7 12. b4 Nf8 13. b5 Na5 14. Bd5 c6 15. Ba2 Ng6 16. Kh1 h5 17. h3 g4 18. Ng1 Rh7 19. d4 Bd7 20. bxa6 bxa6 21. Qe2 Bb6 22. Rab1 Bd8 23. Nc4 Nxc4 24. Qxc4 Nf4 25. Rb7 gxh3 26. Nxh3 Nxh3 27. gxh3 Qf6 28. f4 Qg6 29. Qd3 exf4 30. Bxf4 Rg7 31. Qf3 Be7 32. Bh2 h4 33. Bb1 Qh6 34. c4 Qe6 35. e5 Qxh3 36. exd6 Bxd6 37. Re1+ Kd8 38. Qxh3 Bxh3 39. Bxd6 1-0

[Event "Western Asia-ch U20"]
[Site "Waskaduwa"]
[Date "2025.06.08"]
[Round "7"]
[White "Manon, Reja Neer"]
[Black "Kodithuwakku, KK Dinujaya"]
[Result "1/2-1/2"]
[WhiteElo "2390"]
[BlackElo "2115"]
[PlyCount "27"]
[EventDate "2025.06.05"]
[EventType "swiss"]
[EventRounds "9"]
[EventCountry "SRI"]
[SourceTitle "CB27_2025"]
[SourceDate "2025.07.02"]
[SourceVersion "1"]
[SourceVersionDate "2025.07.02"]
[SourceQuality "1"]

1. e4 e6 2. Qe2 c5 3. Nf3 Nc6 4. g3 Nf6 5. Bg2 d5 6. d3 Be7 7. 0-0 0-0 8. e5 Nd7 9. h4 b5 10. Re1 a5 11. Nbd2 Ba6 12. Nf1 a4 13. Bf4 b4 14. b3 1/2-1/2

[Event "Western Asia-ch U20"]
[Site "Waskaduwa"]
[Date "2025.06.07"]
[Round "5"]
[White "Rohit, S3."]
[Black "Kodithuwakku, KK Dinujaya"]
[Result "0-1"]
[WhiteElo "2241"]
[BlackElo "2115"]
[PlyCount "50"]
[EventDate "2025.06.05"]
[EventType "swiss"]
[EventRounds "9"]
[EventCountry "SRI"]
[SourceTitle "CB27_2025"]
[SourceDate "2025.07.02"]
[SourceVersion "1"]
[SourceVersionDate "2025.07.02"]
[SourceQuality "1"]

1. e4 e6 2. d4 d5 3. Nc3 Bb4 4. Nge2 Ne7 5. a3 Ba5 6. e5 Bd7 7. b4 Bb6 8. Ng3 a5 9. Rb1 0-0 10. Bg5 axb4 11. axb4 Nbc6 12. Nb5 Qe8 13. Nh5 Nf5 14. Qg4 f6 15. exf6 e5 16. Bd2 exd4+ 17. Be2 g6 18. f7+ Rxf7 19. Qg5 d3 20. cxd3 Bxf2+ 21. Kxf2 Nfd4+ 22. Nf6+ Rxf6+ 23. Qxf6 Qxe2+ 24. Kg1 Qxd2 25. Nxd4 Rf8 0-1

[Event "Asia-ch"]
[Site "Al Ain"]
[Date "2025.05.15"]
[Round "9"]
[White "Fu, Yihe Rebo"]
[Black "Kodithuwakku, KK Dinujaya"]
[Result "1/2-1/2"]
[WhiteElo "2123"]
[BlackElo "2011"]
[PlyCount "67"]
[EventDate "2025.05.07"]
[EventType "swiss"]
[EventRounds "9"]
[EventCountry "UAE"]
[SourceTitle "CB21_2025"]
[SourceDate "2025.05.21"]
[SourceVersion "1"]
[SourceVersionDate "2025.05.21"]
[SourceQuality "1"]

1. e4 e6 2. d4 d5 3. e5 c5 4. c3 Nc6 5. Nf3 Qb6 6. a3 Nh6 7. b4 cxd4 8. cxd4 Nf5 9. Bb2 Bd7 10. Be2 Be7 11. 0-0 h5 12. Qd2 g5 13. Rd1 g4 14. Ne1 Rc8 15. Nc2 f6 16. Nc3 Na5 17. Rab1 Nc4 18. Bxc4 Rxc4 19. Qe1 Kf7 20. Ne3 Nxe3 21. fxe3 f5 22. Kh1 h4 23. Qf1 h3 24. g3 Rhc8 25. Qd3 a5 26. bxa5 Qxa5 27. Rdc1 Bxa3 28. Ra1 Bxb2 29. Rxa5 Bxc1 30. Ne2 Rc2 31. Rc5 R8xc5 32. dxc5 Rd2 33. Nxc1 Rxd3 34. Nxd3 1/2-1/2

[Event "Asia-ch"]
[Site "Al Ain"]
[Date "2025.05.14"]
[Round "8"]
[White "Kodithuwakku, KK Dinujaya"]
[Black "Schain, Randolph"]
[Result "1-0"]
[WhiteElo "2011"]
[BlackElo "2080"]
[PlyCount "50"]
[EventDate "2025.05.07"]
[EventType "swiss"]
[EventRounds "9"]
[EventCountry "UAE"]
[SourceTitle "CB21_2025"]
[SourceDate "2025.05.21"]
[SourceVersion "1"]
[SourceVersionDate "2025.05.21"]
[SourceQuality "1"]

1. e4 e6 2. d4 d5 3. e5 c5 4. c3 Nc6 5. Nf3 cxd4 6. cxd4 Nge7 7. Na3 Nf5 8. Nc2 h5 9. Bd3 g6 10. 0-0 Be7 11. b4 Bd7 12. Bd2 Rc8 13. Qe1 Nh4 14. Nxh4 Bxh4 15. b5 Nb8 16. a4 Be7 17. Rc1 0-0 18. Ba5 Qe8 19. Qe2 Kg7 20. f4 f5 21. exf6+ Rxf6 22. Qe5 b6 23. Bd2 Qf8 24. Rf3 Bd6 25. Qg5 Be8 1-0

[Event "Asia-ch"]
[Site "Al Ain"]
[Date "2025.05.12"]
[Round "6"]
[White "Kodithuwakku, KK Dinujaya"]
[Black "Abu Azizah, Raji"]
[Result "0-1"]
[WhiteElo "2011"]
[BlackElo "2182"]
[PlyCount "60"]
[EventDate "2025.05.07"]
[EventType "swiss"]
[EventRounds "9"]
[EventCountry "UAE"]
[SourceTitle "CB21_2025"]
[SourceDate "2025.05.21"]
[SourceVersion "1"]
[SourceVersionDate "2025.05.21"]
[SourceQuality "1"]

1. e4 c5 2. Nf3 e6 3. d4 cxd4 4. Nxd4 Nf6 5. Nc3 Nc6 6. Bf4 d6 7. Bb5 Qc7 8. Ba4 a6 9. Nxc6 bxc6 10. Qe2 e5 11. Bg5 Be7 12. Qc4 Bd7 13. 0-0-0 0-0 14. f4 Qa5 15. Bxf6 Bxf6 16. f5 Rab8 17. Rxd6 Rb4 18. Qe2 Bg5+ 19. Kb1 Rxb2+ 20. Kxb2 Qb4+ 21. Bb3 Qxd6 22. Rd1 Qc7 23. Qxa6 Be3 24. Ne2 Bc8 25. Qd3 Bc5 26. Kb1 Be7 27. Qc3 Ba6 28. Nc1 Rb8 29. Nd3 c5 30. Qxe5 Bd6 0-1

[Event "Asia-ch Blitz"]
[Site "Al Ain"]
[Date "2025.05.10"]
[Round "7"]
[White "Akshat, Khamparia"]
[Black "Kodithuwakku, KK Dinujaya"]
[Result "1-0"]
[WhiteElo "2335"]
[BlackElo "2011"]
[PlyCount "51"]
[EventDate "2025.05.10"]
[EventType "swiss (blitz)"]
[EventRounds "9"]
[EventCountry "UAE"]
[SourceTitle "CB20_2025"]
[SourceDate "2025.05.14"]
[SourceVersion "1"]
[SourceVersionDate "2025.05.14"]
[SourceQuality "1"]

1. d4 d5 2. c4 e6 3. Nc3 Nf6 4. Nf3 Nbd7 5. Bf4 Bb4 6. e3 c5 7. a3 Bxc3+ 8. bxc3 Qa5 9. Qc2 Ne4 10. Rc1 Qxa3 11. Bd3 Ndf6 12. 0-0 cxd4 13. cxd4 0-0 14. c5 Qa5 15. Ne5 g5 16. Bg3 h5 17. h4 g4 18. Bf4 Kh8 19. f3 gxf3 20. gxf3 Nd2 21. Rf2 Nc4 22. Rg2 Nd7 23. Nxd7 Bxd7 24. Bxc4 dxc4 25. Be5+ f6 26. Qg6 1-0

[Event "Asia-ch Blitz"]
[Site "Al Ain"]
[Date "2025.05.10"]
[Round "8"]
[White "Kodithuwakku, KK Dinujaya"]
[Black "Mirzaad, S Wahabuddin"]
[Result "1-0"]
[WhiteElo "2011"]
[BlackElo "2035"]
[PlyCount "47"]
[EventDate "2025.05.10"]
[EventType "swiss (blitz)"]
[EventRounds "9"]
[EventCountry "UAE"]
[SourceTitle "CB20_2025"]
[SourceDate "2025.05.14"]
[SourceVersion "1"]
[SourceVersionDate "2025.05.14"]
[SourceQuality "1"]

1. e4 d5 2. exd5 Qxd5 3. Nc3 Qa5 4. Bc4 Nf6 5. d3 c6 6. Bd2 Qb6 7. Qe2 Bf5 8. h3 h5 9. Nf3 e6 10. 0-0-0 Nbd7 11. Ng5 Be7 12. Rde1 Qc7 13. Nxf7 Kxf7 14. Bxe6+ Bxe6 15. Qxe6+ Kg6 16. Qxe7 Rhe8 17. Qb4 a5 18. Qh4 Qd6 19. g4 hxg4 20. hxg4 Rh8 21. Qg5+ Kf7 22. Qf5 Qc5 23. Qe6+ Kg6 24. g5 1-0

[Event "Asia-ch"]
[Site "Al Ain"]
[Date "2025.05.08"]
[Round "2"]
[White "Kodithuwakku, KK Dinujaya"]
[Black "Zia, Tahsin Tajwar"]
[Result "0-1"]
[WhiteElo "2011"]
[BlackElo "2374"]
[PlyCount "42"]
[EventDate "2025.05.07"]
[EventType "swiss"]
[EventRounds "9"]
[EventCountry "UAE"]
[SourceTitle "CB21_2025"]
[SourceDate "2025.05.21"]
[SourceVersion "1"]
[SourceVersionDate "2025.05.21"]
[SourceQuality "1"]

1. e4 c6 2. d4 d5 3. e5 Bf5 4. g4 Bd7 5. Nc3 c5 6. dxc5 Nc6 7. Qxd5 e6 8. Qe4 Bxc5 9. Be3 Bxe3 10. Qxe3 Qb6 11. Qxb6 axb6 12. Nf3 Nge7 13. Nb5 0-0 14. 0-0-0 Be8 15. a3 Ng6 16. Re1 Ra4 17. c4 Nce7 18. b3 Ra8 19. Kb2 Bc6 20. Nbd4 Rad8 21. Nxc6 Nxc6 0-1

[Event "Titled Tuesday intern op 11th Mar Early"]
[Site "Chess.com INT"]
[Date "2025.03.11"]
[Round "4"]
[White "February, Jesse Nikki"]
[Black "Kodithuwakku, KK Dinujaya"]
[Result "1-0"]
[WhiteElo "2052"]
[BlackElo "2011"]
[PlyCount "37"]
[EventDate "2025.03.11"]
[EventType "swiss (blitz)"]
[EventRounds "11"]
[EventCountry "USA"]
[SourceTitle "CB12_2025"]
[SourceDate "2025.03.19"]
[SourceVersion "1"]
[SourceVersionDate "2025.03.19"]
[SourceQuality "1"]

1. e4 g6 2. d4 Bg7 3. Nf3 d6 4. c3 a6 5. Bd3 b6 6. Be3 Bb7 7. Nbd2 e6 8. 0-0 Ne7 9. Re1 Nd7 10. Nf1 h6 11. Ng3 0-0 12. Qd2 Kh7 13. Rad1 f5 14. exf5 exf5 15. Nh4 Nd5 16. Ngxf5 gxf5 17. Bxf5+ Kg8 18. Be6+ Kh7 19. Qd3+ 1-0

[Event "Titled Tuesday intern op 04th Feb Early"]
[Site "Chess.com INT"]
[Date "2025.02.04"]
[Round "1"]
[White "Ianocichin, Nicolai"]
[Black "Kodithuwakku, KK Dinujaya"]
[Result "1-0"]
[WhiteElo "2102"]
[BlackElo "2011"]
[PlyCount "33"]
[EventDate "2025.02.04"]
[EventType "swiss (blitz)"]
[EventRounds "11"]
[EventCountry "USA"]
[SourceTitle "CB07_2025"]
[SourceDate "2025.02.12"]
[SourceVersion "1"]
[SourceVersionDate "2025.02.12"]
[SourceQuality "1"]

1. b3 d5 2. Bb2 Nf6 3. d3 e6 4. Nf3 Bd6 5. g3 0-0 6. Bg2 a5 7. a4 b6 8. Nbd2 Bb7 9. 0-0 c5 10. e4 Nfd7 11. Re1 Nc6 12. exd5 exd5 13. d4 Nf6 14. dxc5 bxc5 15. Nh4 Be7 16. Nf5 d4 17. Nxe7+ 1-0

[Event "Titled Tuesday intern op 28th Jan Early"]
[Site "Chess.com INT"]
[Date "2025.01.28"]
[Round "9"]
[White "Kozak, Adam"]
[Black "Kodithuwakku, KK Dinujaya"]
[Result "1-0"]
[WhiteElo "2595"]
[BlackElo "2011"]
[PlyCount "57"]
[EventDate "2025.01.28"]
[EventType "swiss (blitz)"]
[EventRounds "11"]
[EventCountry "USA"]
[SourceTitle "CB06_2025"]
[SourceDate "2025.02.05"]
[SourceVersion "1"]
[SourceVersionDate "2025.02.05"]
[SourceQuality "1"]

1. e4 e6 2. d4 d5 3. Nd2 c5 4. Ngf3 cxd4 5. Bb5+ Bd7 6. Bxd7+ Qxd7 7. Nxd4 Nc6 8. Nxc6 bxc6 9. 0-0 Bd6 10. c4 d4 11. Qg4 Ne7 12. Qxg7 Rg8 13. Qh6 0-0-0 14. c5 Bxc5 15. Nf3 Rg6 16. Qh5 f5 17. Ne5 Qd6 18. Nf7 Qc7 19. Nxd8 Qxd8 20. Bf4 Qg8 21. Bg3 e5 22. exf5 Rg5 23. Qh3 Nxf5 24. Rac1 Qf8 25. b4 Bxb4 26. Rxc6+ Kb7 27. Rc4 Nxg3 28. Qd7+ Ka8 29. Rc8+ 1-0

[Event "Titled Tuesday intern op 28th Jan Early"]
[Site "Chess.com INT"]
[Date "2025.01.28"]
[Round "3"]
[White "Skliarov, Viktor"]
[Black "Kodithuwakku, KK Dinujaya"]
[Result "0-1"]
[WhiteElo "2340"]
[BlackElo "2011"]
[PlyCount "66"]
[EventDate "2025.01.28"]
[EventType "swiss (blitz)"]
[EventRounds "11"]
[EventCountry "USA"]
[SourceTitle "CB06_2025"]
[SourceDate "2025.02.05"]
[SourceVersion "1"]
[SourceVersionDate "2025.02.05"]
[SourceQuality "1"]

1. e4 e6 2. d4 d5 3. e5 c5 4. c3 Nc6 5. Nf3 Qb6 6. a3 Nh6 7. b4 cxd4 8. Bxh6 gxh6 9. cxd4 Bd7 10. Be2 Rg8 11. 0-0 Rg4 12. h3 Rf4 13. g3 Rxd4 14. Nxd4 Qxd4 15. Qxd4 Nxd4 16. Bh5 Bg7 17. f4 Ke7 18. Nc3 f6 19. Rae1 Bc6 20. Ne2 Nf5 21. exf6+ Bxf6 22. Kh2 a5 23. Bg4 Ne3 24. Rf3 d4 25. Nxd4 Nxg4+ 26. hxg4 Bxd4 27. Rd3 Bf6 28. bxa5 Rxa5 29. Ree3 Rc5 30. Kg1 Rc1+ 31. Kf2 Rc2+ 32. Ke1 Bb5 33. Rb3 Ba6 0-1

[Event "Titled Tuesday intern op 07th Jan Early"]
[Site "Chess.com INT"]
[Date "2025.01.07"]
[Round "1"]
[White "Tikhonov, Viacheslav"]
[Black "Kodithuwakku, KK Dinujaya"]
[Result "0-1"]
[WhiteElo "2183"]
[BlackElo "2011"]
[PlyCount "134"]
[EventDate "2025.01.07"]
[EventType "swiss (blitz)"]
[EventRounds "11"]
[EventCountry "USA"]
[SourceTitle "CB03_2025"]
[SourceDate "2025.01.15"]
[SourceVersion "1"]
[SourceVersionDate "2025.01.15"]
[SourceQuality "1"]

1. d4 d5 2. c4 e6 3. Nf3 Nf6 4. g3 Be7 5. Bg2 0-0 6. 0-0 dxc4 7. Qc2 b5 8. a4 b4 9. Nfd2 Nd5 10. Nxc4 c5 11. dxc5 Bxc5 12. Rd1 Bb7 13. Nbd2 Nd7 14. Ne4 Rc8 15. b3 Be7 16. Bb2 N7b6 17. a5 Nd7 18. a6 Ba8 19. Qd3 Qc7 20. Qd4 N7f6 21. Rac1 Rfd8 22. Qe5 Qxe5 23. Bxe5 Rc6 24. Nxf6+ gxf6 25. Bd4 Rxa6 26. Ra1 Rxa1 27. Rxa1 Nc3 28. Rxa7 Nxe2+ 29. Kf1 Bxg2+ 30. Kxe2 Rxd4 31. Rxe7 Bd5 32. Nd2 e5 33. Ke3 Be6 34. Ra7 Rd6 35. Rb7 Rd4 36. Ne4 Bxb3 37. Nxf6+ Kg7 38. Ne4 Bd5 39. Nd2 Bxb7 40. f4 Rxd2 41. Kxd2 exf4 42. gxf4 Kf6 43. Kc2 Kf5 44. Kb3 Kxf4 45. Kxb4 Kf3 46. Kc5 Kg2 47. Kd6 f5 48. Ke5 Be4 49. h4 Kh3 50. h5 Kh4 51. h6 Kh5 52. Kf4 Kxh6 53. Kg3 Kg6 54. Kh3 h5 55. Kh4 Kh6 56. Kh3 Kg5 57. Kg3 h4+ 58. Kh3 Bf3 59. Kh2 Bg4 60. Kg2 f4 61. Kh2 h3 62. Kg1 Kh4 63. Kh2 f3 64. Kg1 Kg3 65. Kh1 Bf5 66. Kg1 f2+ 67. Kf1 Bd3# 0-1

[Event "Asia-ch U18"]
[Site "Tagaytay City"]
[Date "2024.10.19"]
[Round "9"]
[White "Paraguya, Yuri Lei"]
[Black "Kodithuwakku, KK Dinujaya"]
[Result "0-1"]
[WhiteElo "1887"]
[BlackElo "1933"]
[PlyCount "96"]
[EventDate "2024.10.13"]
[EventType "swiss"]
[EventRounds "9"]
[EventCountry "PHI"]
[SourceTitle "CB43_2024"]
[Source "Chessbase"]
[SourceDate "2024.10.23"]
[SourceVersion "1"]
[SourceVersionDate "2024.10.23"]
[SourceQuality "1"]

1. e4 e5 2. Nf3 Nc6 3. Bb5 a6 4. Ba4 Nf6 5. 0-0 d6 6. c3 Bd7 7. d4 g6 8. Re1 Bg7 9. h3 0-0 10. Bg5 h6 11. Bh4 Qe8 12. dxe5 dxe5 13. Bg3 Nh5 14. Bh2 Rd8 15. Nbd2 Nf4 16. Bxf4 exf4 17. Qe2 g5 18. Rad1 Qe7 19. Nh2 Rfe8 20. Qh5 b5 21. Bc2 Qf6 22. Bb3 Be6 23. Bxe6 Rxe6 24. Nb3 Rxd1 25. Qxd1 b4 26. Ng4 Qe7 27. Qd5 h5 28. Nh2 bxc3 29. bxc3 Bxc3 30. Rc1 Rd6 31. Qf5 Bf6 32. Qc8+ Kg7 33. Nf3 Qxe4 34. Qxc7 Qd5 35. Rc5 Qe6 36. Nxg5 Qe7 37. Qxe7 Bxe7 38. Kh2 Rg6 39. Ne4 Bxc5 40. Nbxc5 Nb4 41. a3 Nc2 42. a4 Rc6 43. Nd3 Rc4 44. f3 Rxa4 45. h4 a5 46. Nxf4 f5 47. Ne6+ Kh6 48. Nf2 Nd4 0-1

[Event "Asia-ch U18"]
[Site "Tagaytay City"]
[Date "2024.10.18"]
[Round "8"]
[White "Kodithuwakku, KK Dinujaya"]
[Black "Dau, Khuong Duy"]
[Result "1/2-1/2"]
[WhiteElo "1933"]
[BlackElo "2422"]
[PlyCount "42"]
[EventDate "2024.10.13"]
[EventType "swiss"]
[EventRounds "9"]
[EventCountry "PHI"]
[SourceTitle "CB43_2024"]
[Source "Chessbase"]
[SourceDate "2024.10.23"]
[SourceVersion "1"]
[SourceVersionDate "2024.10.23"]
[SourceQuality "1"]

1. e4 c5 2. Nf3 d6 3. d4 cxd4 4. Nxd4 Nf6 5. Nc3 a6 6. Be2 g6 7. Be3 Bg7 8. Qd2 Nbd7 9. 0-0-0 b5 10. f3 Bb7 11. Nb3 Qc7 12. Kb1 Nb6 13. Na5 b4 14. Qd4 Nbd5 15. Nxd5 Bxd5 16. Qb6 Qxb6 17. Bxb6 Be6 18. Nc6 a5 19. Nxa5 0-0 20. Nb3 Rfb8 21. Bd4 Nd7 1/2-1/2

[Event "Olympiad-45"]
[Site "Budapest"]
[Date "2024.09.22"]
[Round "11.3"]
[White "Kodithuwakku, KK Dinujaya"]
[Black "Bodemar, Jonathan"]
[Result "1-0"]
[WhiteElo "1826"]
[BlackElo "2195"]
[PlyCount "71"]
[EventDate "2024.09.11"]
[EventType "team-swiss"]
[EventRounds "11"]
[EventCountry "HUN"]
[SourceTitle "EXT 2025"]
[Source "ChessBase"]
[SourceDate "2024.10.14"]
[SourceVersion "1"]
[SourceVersionDate "2024.10.14"]
[SourceQuality "1"]
[WhiteTeam "Sri Lanka"]
[BlackTeam "Thailand"]
[WhiteTeamCountry "SRI"]
[BlackTeamCountry "THA"]

1. e4 e6 2. d4 d5 3. e5 c5 4. c3 Nc6 5. Nf3 Nge7 6. Na3 cxd4 7. cxd4 Nf5 8. Nc2 Bd7 9. Bd3 Qb6 10. 0-0 a5 11. Kh1 Nb4 12. Nxb4 axb4 13. a4 bxa3 14. bxa3 Ba4 15. Qe2 Ne7 16. Rb1 Qc7 17. Ng5 h6 18. Nh7 Rxh7 19. Bxh7 g6 20. Be3 Bc6 21. h4 Nf5 22. h5 Rxa3 23. Qg4 gxh5 24. Qxh5 Ne7 25. Bxh6 Bxh6 26. Qxh6 Qa5 27. Qf4 Ra2 28. Bd3 Ra4 29. Rfd1 Ra2 30. Kg1 Qa4 31. Bf1 Ng6 32. Qe3 Ra3 33. Rd3 Ra2 34. Rdb3 Ne7 35. Rxb7 Bxb7 36. Bb5+ 1-0

[Event "Olympiad-45"]
[Site "Budapest"]
[Date "2024.09.15"]
[Round "5.61"]
[White "Mendez Machado, Andre"]
[Black "Kodithuwakku, KK Dinujaya"]
[Result "1-0"]
[WhiteElo "2122"]
[BlackElo "1826"]
[PlyCount "121"]
[EventDate "2024.09.11"]
[EventType "team-swiss"]
[EventRounds "11"]
[EventCountry "HUN"]
[SourceTitle "EXT 2025"]
[Source "ChessBase"]
[SourceDate "2024.10.14"]
[SourceVersion "1"]
[SourceVersionDate "2024.10.14"]
[SourceQuality "1"]
[WhiteTeam "Panama"]
[BlackTeam "Sri Lanka"]
[WhiteTeamCountry "PAN"]
[BlackTeamCountry "SRI"]

1. e4 e5 2. Nf3 Nc6 3. Bc4 Nf6 4. d3 h6 5. c3 d6 6. 0-0 g5 7. Nbd2 Bg7 8. Bb3 0-0 9. Nc4 Ne7 10. Re1 b5 11. Ne3 Bb7 12. a4 a6 13. Bc2 d5 14. exd5 Nfxd5 15. Nxd5 Nxd5 16. Nxe5 Qd6 17. d4 Rae8 18. Nd3 Rxe1+ 19. Qxe1 Qc6 20. axb5 axb5 21. Qf1 b4 22. Ba4 Qd6 23. Nc5 Ba8 24. Bd2 bxc3 25. bxc3 Nf4 26. Bxf4 Qxf4 27. Qd3 Qd6 28. Bc2 Rd8 29. Re1 Qd5 30. Qf1 Qa2 31. Qe2 Qd5 32. Be4 Qd6 33. Bxa8 Rxa8 34. h3 Qd5 35. Qe7 Qc4 36. Ne4 Ra6 37. Qe8+ Kh7 38. Qd7 Kg6 39. Ng3 Rf6 40. Re3 Qa2 41. f3 Qb1+ 42. Kh2 Qc1 43. Qe7 h5 44. Qe4+ Kh6 45. Qd3 h4 46. Ne4 Re6 47. Nf2 Bf8 48. Rxe6+ fxe6 49. Ng4+ Kg7 50. Ne5 Bd6 51. Qg6+ Kh8 52. Qh6+ Kg8 53. Qxe6+ Kh7 54. Qf7+ Kh8 55. f4 Qxf4+ 56. Qxf4 gxf4 57. Nf7+ Kg7 58. Nxd6 cxd6 59. c4 Kf6 60. Kg1 Kf5 61. Kf2 1-0

[Event "SRI-ch Dini"]
[Site "Colombo"]
[Date "2024.07.31"]
[Round "4"]
[White "Perera, HA Lisanda Vinsith"]
[Black "Kodithuwakku, KK Dinujaya"]
[Result "0-1"]
[WhiteElo "1694"]
[BlackElo "1968"]
[PlyCount "150"]
[EventDate "2024.07.29"]
[EventType "swiss"]
[EventRounds "10"]
[EventCountry "SRI"]
[SourceTitle "CBM 221 Extra"]
[Source "ChessBase"]
[SourceDate "2024.09.30"]
[SourceVersion "1"]
[SourceVersionDate "2024.09.30"]
[SourceQuality "1"]

1. e4 c5 2. Nc3 e6 3. d3 d5 4. exd5 exd5 5. g3 Nf6 6. Bg2 d4 7. Nce2 Nc6 8. Nf3 Be7 9. 0-0 0-0 10. h3 Re8 11. Bf4 Nd5 12. Bd2 Bf8 13. Nf4 Nc7 14. Re1 g6 15. Rxe8 Qxe8 16. Ng5 Be7 17. Nf3 Bf6 18. Qf1 Bd7 19. Re1 Qf8 20. Nh2 Bg7 21. h4 Qd6 22. Bh3 f5 23. Nf3 Rf8 24. Bg2 Be8 25. Ng5 Bd7 26. h5 Bf6 27. Nfh3 h6 28. Nf3 g5 29. Nhxg5 hxg5 30. Nxg5 Ne6 31. Nh3 Re8 32. h6 Kh7 33. Bf3 Ne5 34. Bh5 Rg8 35. Qe2 Qd5 36. Nf4 Nxf4 37. Bxf4 Bc6 38. f3 Nxf3+ 39. Bxf3 Qxf3 40. Qxf3 Bxf3 41. Kf2 Bd5 42. a4 Bf7 43. Re2 Re8 44. Rd2 a6 45. Rd1 Bh5 46. Re1 Rxe1 47. Kxe1 Be7 48. b3 Bd8 49. Kd2 Bf7 50. Ke2 Kg6 51. Kd2 Bg8 52. Ke2 Be7 53. Kf3 Bg5 54. Bd6 Bd5+ 55. Ke2 Bxh6 56. Bxc5 Bg7 57. Bd6 Kg5 58. Bf4+ Kg4 59. Bd6 Bf6 60. Bf4 Bf3+ 61. Ke1 Be7 62. Be5 Bb4+ 63. Kf2 Bc3 64. Bf4 Bd1 65. Be5 Bxc2 66. Ke2 Bxb3 67. a5 Bxa5 68. Bxd4 Kxg3 69. Be5+ f4 70. d4 Bb4 71. Bc7 a5 72. Kd3 Kf3 73. Be5 a4 74. d5 Bxd5 75. Kd4 Bb3 0-1

[Event "Asian Cities-chT"]
[Site "Khanty-Mansiysk"]
[Date "2024.04.27"]
[Round "7.4"]
[White "Kuznetsov, Mikhail V"]
[Black "Kodithuwakku, KK Dinujaya"]
[Result "1/2-1/2"]
[WhiteElo "2246"]
[BlackElo "1707"]
[PlyCount "69"]
[EventDate "2024.04.21"]
[EventType "team-swiss"]
[EventRounds "9"]
[EventCountry "RUS"]
[SourceTitle "CBM 219 Extra"]
[Source "ChessBase"]
[SourceDate "2024.05.31"]
[SourceVersion "1"]
[SourceVersionDate "2024.05.31"]
[SourceQuality "1"]
[WhiteTeam "Moscow"]
[BlackTeam "Colombo"]
[WhiteTeamCountry "RUS"]
[BlackTeamCountry "SRI"]

1. Nf3 Nf6 2. g3 b5 3. Bg2 Bb7 4. 0-0 e6 5. d3 Be7 6. c4 bxc4 7. dxc4 a5 8. Qb3 Bc6 9. Nc3 Na6 10. Bf4 0-0 11. Rac1 Rb8 12. Qc2 Qc8 13. e4 Qb7 14. Nd4 Qxb2 15. Nxc6 dxc6 16. Qxb2 Rxb2 17. e5 Nd7 18. Bxc6 Nb6 19. a4 g5 20. Be3 Nxc4 21. Bd4 Rd2 22. Nb5 Nb6 23. Be3 Rb2 24. Bd4 Rb3 25. Bb7 c5 26. Bxa6 cxd4 27. Nxd4 Ra3 28. Nc6 Bb4 29. f4 gxf4 30. Rxf4 Bd2 31. Rg4+ Kh8 32. Rd1 Be3+ 33. Kg2 Rxa4 34. Rxa4 Nxa4 35. Ra1 1/2-1/2

[Event "SRI-ch"]
[Site "Colombo"]
[Date "2024.03.25"]
[Round "7"]
[White "Dandeniya, DDLN"]
[Black "Kodithuwakku, KK Dinujaya"]
[Result "1-0"]
[WhiteElo "1800"]
[BlackElo "1707"]
[PlyCount "51"]
[EventDate "2024.03.22"]
[EventType "tourn"]
[EventRounds "13"]
[EventCountry "SRI"]
[SourceTitle "CBM 219 Extra"]
[Source "ChessBase"]
[SourceDate "2024.05.31"]
[SourceVersion "1"]
[SourceVersionDate "2024.05.31"]
[SourceQuality "1"]

1. d4 Nf6 2. c4 e6 3. g3 d5 4. Bg2 Bb4+ 5. Bd2 Be7 6. Qc2 0-0 7. Nf3 Nbd7 8. Nc3 dxc4 9. Rd1 c6 10. h4 b5 11. Ne5 Nxe5 12. dxe5 Nd5 13. Ne4 Qc7 14. Ng5 g6 15. Nxh7 Kxh7 16. h5 Rh8 17. hxg6+ Kg7 18. Rxh8 Kxh8 19. gxf7 Kg7 20. Bf3 Bb4 21. Bh5 Bxd2+ 22. Rxd2 Ne7 23. f8Q+ Kxf8 24. Qh7 Nd5 25. Qh8+ Ke7 26. Qe8# 1-0